Etnias y política / (Registro nro. 17406)

Detalles MARC
000 -CABECERA
Campo de control 00988cas a2200253 a 4500
005 - FECHA Y HORA DE LA ULTIMA TRANSACCION
Campo de control 20171122151128.0
008 - ELEMENTOS DE LONGITUD FIJA—INFORMACION GENERAL
Campo de control 041220c20059999ck zr p r 0 0a0spa d
022 ## - ISSN
ISSN 1900-1673
040 ## - FUENTE DE CATALOGACIÓN
Agencia catalogadora original hm
Agencia transcriptora hm
Agencia Modificadora CO-BoIAVH
041 0# - IDIOMA
Código de idioma para texto/pista de sonido o título separado Español
044 ## - PAÍS DE PUBLICACIÓN
País de publicación Colombia
090 ## - CLASIFICACIÓN LOCAL
Colección SE
245 00 - MENCION DE TITULO
Título Etnias y política /
Mención de responsabilidad revista del Observatorio de los Indígenas de Colombia.
246 40 - FORMA VARIANTE DEL TITULO
Título propiamente dicho/forma breve del título Etnias & política
260 ## - PUBLICACION, DISTRIBUCION, ETC. (PIE DE IMPRENTA)
Lugar de publicación, distribución, etc. Bogotá (Colombia) :
Nombre del editor, distribuidor, etc. Grupo internacional de trabajo sobre asuntos indígenas - IWGIA,
Fecha de publicación, distribución, etc. 2005-.
300 ## - DESCRIPCION FISICA
Otros detalles físicos ilustraciones ;
Dimensiones 28 cm.
310 ## - FRECUENCIA ACTUAL DE LA PUBLICACIÓN
Frecuencia actual de la publicación Semestral
650 26 - ASIENTO SECUNDARIO DE MATERIA - TERMINO TEMATICO
Término temático o nombre geográfico como elemento de entrada Etnología
Subdivisión geográfica Colombia
Subdivisión de forma Publicaciones periódicas
9 (RLIN) 87089
650 26 - ASIENTO SECUNDARIO DE MATERIA - TERMINO TEMATICO
Término temático o nombre geográfico como elemento de entrada Indígenas de Colombia
Subdivisión general Condiciones sociales
Subdivisión de forma Publicaciones periódicas
9 (RLIN) 87090
650 26 - ASIENTO SECUNDARIO DE MATERIA - TERMINO TEMATICO
Término temático o nombre geográfico como elemento de entrada Pueblos indígenas
Subdivisión geográfica Colombia
Subdivisión de forma Publicaciones periódicas
9 (RLIN) 87091
651 #6 - ASIENTO SECUNDARIO DE MATERIA - NOMBRE GEOGRAFICO
Nombre geográfico Colombia
Subdivisión general Políticas
Subdivisión de forma Publicaciones periódicas
9 (RLIN) 87092
710 2# - ASIENTO SECUNDARIO - NOMBRE CORPORATIVO
Nombre corporativo o de jurisdicción como elemento de entrada Grupo internacional de trabajo sobre asuntos indígenas - IWGIA
9 (RLIN) 87088
942 ## - ELEMENTOS ADICIONALES (KOHA)
Sistema de clasificación Local
Tipo de ítem Periodica o revista
Existencias
Withdrawn status Lost status Sistema de Clasificación Damaged status No para préstamo Colección Fecha publicación (Año) Número revista Inventariado Ubicación Permanente Ubicación actual Fecha de adquisición Precio Datos de publicación Seriada Total Checkouts Número topográfico Inventario / Código de Barras Date last seen Ejemplar Price effective from Forma de adquisición Tipo de material
    Local     Hemeroteca 2007 4 Inventariado 2017 Bogotá Bogotá 13/11/2007 15000.00 Número 4 (01/04/2007)   SE 025451 25/03/2015 Ej. 1 25/03/2015 Donación Periodica o revista
    Local     Hemeroteca 2008 6 Inventariado 2017 Bogotá Bogotá 16/12/2008 15000.00 Número 6 (01/01/2008)   SE 026670 25/03/2015 Ej. 1 25/03/2015 Donación Periodica o revista
    Local     Hemeroteca 2008 7 Inventariado 2017 Bogotá Bogotá 16/12/2008 15000.00 Número 7 (01/06/2008)   SE 026671 23/10/2015 Ej. 1 25/03/2015 Donación Periodica o revista
    Local     Hemeroteca 2007 5 Inventariado 2017 Bogotá Bogotá 21/09/2009 15000.00 Número 5 (01/12/2007)   SE 027584 25/03/2015 Ej. 1 25/03/2015 Donación Periodica o revista